Top Finanzplätze weltweit im Jahr 2024 - Statistiken

Allgemein
  • Dieses Quiz wurde 59 mal gespielt
  • Das Durchschnittsergebnis liegt bei 9 aus 15
Antwortstatistiken
Hint Antwort % Korrekt
1. Platz New York
98%
11. Platz Frankfurt am Main
91%
2. Platz London
90%
16. Platz Paris
86%
7. Platz Los Angeles
79%
8. Platz Shanghai
64%
3. Platz Hongkong
52%
6. Platz Chicago
50%
5. Platz San Francisco
50%
12. Platz Seoul
47%
4. Platz Singapur
47%
13. Platz Washington DC
38%
14. Platz Genf
34%
15. Platz Dublin
21%
10. Platz Shenzhen
9%
Keine übereinstimmenden Quizze gefunden
Verteilung der Resultate
Anzahl Personen mit jedem Resultat
Perzentil nach korrekt beantworteten Fragen
Ihre Resultats-Entwicklung
Sie haben dieses Quiz noch nicht gespielt